MARC

LEADER 00000nam0a2200000 4500
001 162988
005 20231031160630.0
010 |a 503009183 
035 |a (RuTPU)RU\TPU\book\176778 
090 |a 162988 
100 |a 20090630d1988 k y0rusy50 ca 
101 1 |a rus  |c eng 
102 |a RU 
105 |a a z 001zy 
200 1 |a Математика. Поиск истины  |e пер. с англ.  |f М. Клайн 
210 |a Москва  |c Мир  |d 1988 
215 |a 295 с.  |c ил. 
320 |a Библиогр.: с. 7-8. 
320 |a Предметный указатель: с. 287-290. 
320 |a Именной указатель: с. 291-293. 
610 1 |a математическая наука 
610 1 |a история 
610 1 |a математика 
610 1 |a зарождение 
610 1 |a астрономические миры 
610 1 |a тяготение 
610 1 |a электромагнитные явления 
610 1 |a теория относительности 
675 |a 51(09)  |v 3 
700 1 |a Клайн  |b М.  |g Морис 
801 1 |a RU  |b 63413507  |c 20090630  |g PSBO 
801 2 |a RU  |b 63413507  |c 20091201  |g RCR 
942 |c BK